Servei de polítiques de diversitat i ciutadania : programa de formació 2006 / Àrea d'Igualtat i Ciutadania. Servei de Polítiques de Diversitat i Ciutadania programa de formació 2006 / Àrea d'Igualtat i Ciutadania. Servei de Polítiques de Diversitat i Ciutadania
Descripción Física:
71 p. ; 30 cm
MARC
| LEADER | 00000nam a2200000Ia 4500 | ||
|---|---|---|---|
| 001 | 21117 | ||
| 008 | 160829s2006 xx 000 0 cat d | ||
| 080 | |a M-6-132 | ||
| 110 | 1 | |a Barcelona (Catalunya : Província). |b Servei de Polítiques de Diversitat i Ciutadania |9 52870 | |
| 245 | |a Servei de polítiques de diversitat i ciutadania : |b programa de formació 2006 / Àrea d'Igualtat i Ciutadania. Servei de Polítiques de Diversitat i Ciutadania | ||
| 260 | |a Barcelona : |b la Diputació, |c 2006 | ||
| 300 | |a 71 p. ; |c 30 cm | ||
| 650 | 0 | |a Serveis socials |x Barcelona (Catalunya : Província) |9 36719 | |
| 710 | |a Barcelona (Catalunya : Província). |b Àrea d'Igualtat i Ciutadania |9 7840 | ||
| 901 | |a Arxiu | ||
| 942 | |n 1 | ||
| 952 | |0 0 |1 0 |4 0 |6 M6132 |7 1 |9 51202 |a Arxiu |b Arxiu |d 2016-12-01 |l 0 |o M-6-132 |p 21117 |r 2016-12-01 00:00:00 |w 2016-12-01 |y ARXIU | ||
| 999 | |c 55045 |d 55045 | ||